Mountain Goats Songs by Line - Statistics

General Stats
  • This quiz has been taken 88 times
  • The average score is 10 of 25
Answer Stats
Hint Answer % Correct
I am drowning/there is no sign of land/You are coming down with me/Hand in unlovable hand No Children
99%
There will be feasting/and dancing/in Jerusalem next year This Year
97%
There's gonna be a few things, maybe several things/That you're gonna find really difficult to forgive Up The Wolves
79%
The world shines/As I cross the Macon county line Going to Georgia
78%
When you punish a person for dreaming his dream/Don't expect him to thank or forgive you The Best Ever Death Metal Band in Denton
63%
You pointed your headlamp toward the horizon/We were the one thing in the galaxy God didn't have his eyes on Jenny
58%
And the Chicago Cubs/Will beat every team in the league Cubs in Five
51%
Hand me your hand/Let me look in your eyes/As my last chance to feel human begins to vaporize Autoclave
49%
All night long/You giggle and scream/Your brown eyes/Deeper than a dream Southwood Plantation Road
49%
The wind began to blow/And all the trees began to bend/And the world, its cold way/started coming alive Woke Up New
48%
I am coming home to you/If its the last thing that I do Sax Rohmer #1
47%
You must give to the March of Dimes/You must be on guard against wickedness at all times Golden Boy
37%
Looked hard for what we lost/It was painful to admit it/But we couldn't find a thing The Mess Inside
29%
Every couple minutes someone says he can't stand it any more/Laugh lines on our faces, scale maps of the ocean floor Palmcorder Yajna
26%
Feels so good to have you here/Some of you will be dead next year Steal Smoked Fish
26%
I went down to the Catholic church/And something just came over me Against Pollution
18%
On the day that I forget you/I hope my heart explodes Twin Human Highway Flares
18%
We may through the windows open later/Though we are not as far west as we suppose we are Minnesota
16%
You were all I ever wanted/You were all I'd ever need Going to Queens
15%
And when the time came I could see it happen/Blossoms black and sweet as Texas crude Black Pear Tree
12%
Die hard/Die kicking/Old habit of mine Waving at You
11%
I came here to say it/But I've done that before/But would never have told you that I don't love you anymore Standard Bitter Love Song #1
10%
when the ghost of your father comes to town/What the hell else can you do Cao Dai Blowout
7%
I cry when I'm hungry/Something is wrong with my brain Soft Targets
7%
My window looked out upon nothing/And nothing looked right back at me You're in Maya
4%
No matching quizzes found
Score Distribution
Percent of People with Each Score
Percentile by Number Answered
Your Score History
You have not taken this quiz